| 000 | 01646cam a2200241 4500 | ||
|---|---|---|---|
| 001 | ABS63150 | ||
| 008 | 000000n2000 000 0 eng u | ||
| 035 | _a(Sirsi) u109678 | ||
| 100 | _aBingham, T | ||
| 245 | _aStay frosty | ||
| 260 | _c2000 | ||
| 490 |
_aBuilding _v265(8163) 24 November 2000, 55(1) |
||
| 520 | _aDiscusses the adjudicator's role in a fees dispute between Woods Hardwick, architect and engineer, and its client Chiltern Air Conditioning. Chiltern's representative was openly hostile to the adjudicator, and the adjudicator returned a similar sentiment. When the adjudicator ordered Chiltern to pay the architect's fees, Chiltern attacked the adjudicator claiming gross unfairness; the adjudicator had not reported evidence from the architect and two subcontractors, and had prevented Chiltern from presenting its case. The adjudicator's award was not enforced and the adjudicator was found in breach of the adjudication scheme; he had failed to inform Chiltern of relevant evidence and had formed an adverse opinion of Chiltern early in the proceedings which called into question his impartiality. | ||
| 590 | _aABS | ||
| 650 | _aBIAS | ||
| 650 | _aIMPARTIALITY | ||
| 650 | _aWITHHOLDING | ||
| 650 | _aCHILTERN AIR CONDITIONING V WOODS HARDWICK | ||
| 650 | _aMANAGEMENT-DISPUTE AVOIDANCE, MANAGEMENT AND RESOLUTION-DISPUTE MANAGEMENT AND RESOLUTION-ALTERNATIVE DISPUTE RESOLUTION-ADJUDICATION-ADJUDICATORS | ||
| 650 | _aMANAGEMENT-DISPUTE AVOIDANCE, MANAGEMENT AND RESOLUTION-DISPUTE MANAGEMENT AND RESOLUTION-ALTERNATIVE DISPUTE RESOLUTION-ADJUDICATION | ||
| 690 |
_aDispute resolution _96236 |
||
| 942 | _n0 | ||
| 999 |
_c65476 _d65476 |
||